000 02987nam a2200349 i 4500
001 000031364
003 DO-SdBNP
005 20250804101510.0
007 ta
008 110620s1992 dr ace 000 0 spa d
040 _aDO-SdBNP
_bspa
_cBNPHU
_erda
041 _aspa
082 _a972.9375
_bB142p
_222
100 1 _aBáez López-Penha, José Ramón
_931200
_eautor
_4aut.
245 1 0 _aPor qué Santo Domingo es así /
_cJosé Ramón Báez López-Penha ; presentación Opinio Álvarez Betancourt ; prólogo Eugenio Pérez Montáz.
264 1 _aSanto Domingo :
_bFundación FALCONBRIDGE,
_c1992.
300 _a271 páginas :
_bilustraciones, retratos, planos ;
_c29 cm.
336 _atexto
_btxt
_2rdacontent
337 _asin mediación
_bn
_2rdamedia
338 _avolumen
_bnc
_2rdacarrier
505 0 _tDedicatoria --
_tPresentación --
_rOpinio Álvarez Betancourt
_tPrólogo --
_rEugenio Pérez Montas --
_tIntroducción --
_gCapítulo I. --
_tPrimer asentamiento en La Española. La Navidad --
_g Capítulo II. --
_tSegundo asentamiento en La Española. La Isabela --
_gCapítulo III. --
_tTercer asentamiento en La Española. La Nueva Isabela --
_gCapítulo IV. --
_tEl suelo de Santo Domingo --
_gCapítulo V. --
_tAlcantarillas coloniales --
_gCapítulo VI. --
_tEl servicio de agua en Santo Domingo --
_gCapítulo VII. --
_tLas murallas y fuertes de Santo Domingo--
_gCapítulo VIII. --
_tLas calles de Santo Domingo intramuros --
_gCapítulo IX. --
_tModificaciones menores en las calles de Santo Domingo --
_gCapítulo X. --
_tTransformación y desarrollo de Santo Domingo intramuros --
_gCapítulo XI. --
_tOficina Técnica Municipal. Dirección de obras Públicas Urbanas --
_gCapítulo XII. --
_tLos caminos originales y sus incidencias en la transformación y desarrollo de los terrenos que circundan la ciudad intramuros
_gCapítulo XIII. --
_tAvenida municipal --
_gCapítulo XIV. --
_tAvenida colombina --
_gCapítulo XV. --
_tCondiciones para una propuesta de urbanismo. Ensanche Independencia --
_gCapítulo XVI. --
_tDirectrices para el futuro. Una propuesta de urbanismo --
_gCapítulo XVII. --
_tAvenida Máximo Gómez --
_gCapítulo XVIII. --
_tCircunvalación oeste Fabré Geffard --
_gCapítulo XIX. --
_tEl mito de los poderosos --
_gCapítulo XX. --
_tFinanciamiento para la construcción. Vivencias --
_gCapítulo XXI. --
_tEl Banco de la Vivienda
_tBibliografía --
_tGlosario /
590 _aInventariado, 2020/BT
650 4 _aSitios históricos
_zSanto Domingo (República Dominicana{Rpara}
_957792
650 4 _aCalles
_zSanto Domingo (República Dominicana{Rpara}
_938892
650 4 _aMonumentos históricos
_zSanto Domingo (República Dominicana{Rpara}
_97717
650 4 _aCiudades y pueblos
_zRepública Dominicana
_9784
651 4 _aSanto Domingo (República Dominicana{Rpara}
_xDescripciones Y Viajes
_97718
700 1 _aÁlvarez Betancourt, Opinio
_957793
700 1 _aPérez Montáz, Eugenio,
_epról.
_957794
910 _aValidado. Control de calidad EMS
942 _2ddc
_cLBS1
999 _c30856
_d30856